| 000 | 00000nam 2200000za 4500 |
| 001 | 9.641788 |
| 003 | CaOODSP |
| 005 | 20250218113702 |
| 007 | cr ||||||||||| |
| 008 | 150407|2009||||xxc|||||o f|0| 0 fre d |
| 040 | |aCaOODSP|bfre |
| 043 | |an-cn--- |
| 086 | 1 |aT29-1/2009F-PDF |
| 110 | 1 |aCanada.|bTransports Canada. |bSécurité maritime. |
| 245 | 10|aLignes directrices relatives à la navigation sous le pont de la confédération |h[ressource électronique] |
| 250 | |aRévision 1 |
| 260 | |aDartmouth - Nouvelle-Écosse : |bTransports Canada. |cc2003, date de révision : décembre 2009. |
| 300 | |a11p.|bfigure, tableau |
| 590 | |a13-11-Supp|b2013-04-26 |
| 691 | 07|aNavigation|2gcpds |
| 691 | 07|aPont|2gcpds |
| 775 | 08|tGuidelines for navigation under the Confederation Bridge |w(CaOODSP)9.697767 |
| 794 | |tLignes directrices relatives à la navigation sous le Pont de la Confédération.|b2024|w(CaOODSP)9.946103 |
| 856 | 40|ahttp://publications.gc.ca|qPDF|s396 Ko|uhttps://publications.gc.ca/collections/collection_2013/tc/T29-1-2009-fra.pdf |
| 986 | |aTP 13681F (12/2009) |